000 01328nam0a2200337 4500
001 RU\NLR\bibl\1394188
005 20260406102956.0
010 _a978-5-699-36202-8
_95000
021 _aRU
_b2009-58447
_9254д
035 _a(NLR Aleph) 001386215
090 _a1133209
_c1133209
100 _a20090722d2009 |||y0rusy50 ca
101 0 _arus
102 _aRU
105 _ay |||||||||
200 1 _aЗа работу, спецназ!
_e[роман]
_fАльберт Байкалов
210 _aМосква
_cЭксмо
_d2009
215 _a348, [1] с.
_d17
225 1 _aПротивостояние
225 1 _aЛучшие романы о защитниках Отечества
300 _aВ макете загл. сер.: Противостояние. Лучшие романы о защитниках Отечества
300 _aРанее роман выходил под назв. "Элитный спецназ"
451 0 _12001#$aЭлитный спецназ
_tЭлитный спецназ
686 _aШ6(2=Р)75-446
700 1 _4070
_8rus
_7ca
_aБайкалов
_bА. Ю.
_f1967-
_gАльберт Юрьевич
_3RU\NLR\auth\7787015
_969943
801 0 _aRU
_bNLR
_c20090722
_gRCR
801 1 _aRU
_bNLR
_c20090722
942 _cBOOK
980 _aNB